| 000 | 00766nam a2200217Ii 4500 | ||
|---|---|---|---|
| 003 | JO-AjNU | ||
| 008 | 230605s9999||||xx |||||||||||||| ||und|| | ||
| 017 | _a2008/7/2503 | ||
| 040 |
_aJO-AjNU _bara _erda _cJO-AjNU |
||
| 041 | _aara | ||
| 050 | 1 | 4 | _aLB1050.5.2008 |
| 100 | 3 |
_aالوقفي، راضي, _eauthor _961992 |
|
| 245 | 0 | 0 | _aالديسلكيا: صعوبات التعلم في اللغة |
| 250 | _aالطبعة الاولى | ||
| 264 | 3 | 1 | _aعمان: كلية الاميرة ثروت، 2008 |
| 300 |
_a458ص _b ويحتوي على قائمة مراجع من ص451-ص458 |
||
| 336 |
_atext _btxt _2rdacontent |
||
| 337 |
_aunmediated _bn _2rdamedia |
||
| 338 |
_avolume _bnc _2rdacarrier |
||
| 650 | 4 |
_aصعوبات القراءة-التعليم _961993 |
|
| 999 |
_aA28049 _c31617 _d31617 |
||